Papier.Traditionen eines alten Handwerks /

Enregistré dans:
Détails bibliographiques
Auteur principal: Schlieder, Wolfgang (Auteur)
Format: Livre
Publié: Lieipzig : VEB Fachbuchverlag, 1985
Édition:2.Auflage
Tags: Ajouter un tag
Pas de tags, Soyez le premier à ajouter un tag!

MARC

LEADER 00000nam a22000003a 4500
001 stu16375
005 20150617225756.9
008 ------s1985----gw----------------------d
040 |a STU  |b slo 
041 0
044 |a gw 
080 |a 676(09)  |7 stu_us_auth*stu14929 
100 1 |a Schlieder, Wolfgang  |4 aut 
245 1 |a Papier.Traditionen eines alten Handwerks /  |c [aut.]Schlieder,Wolfgang 
250 |a 2.Auflage 
260 |a Lieipzig :  |b VEB Fachbuchverlag,  |c 1985 
300 |a 136 :  |b Obr.,lit.,index 
996 |b C86106  |c C*86106  |l CCVIIIA  |s P  |a 0  |w stu16375_0001